Lequel des ces deux joueurs est le plus vieux ? - Statistiques

Statistiques générales
  • Ce quiz a été pris 50 fois
  • Le résultat moyen est 7 sur 10
Statistiques - réponses
Question Réponse % Correct
Qui est le plus vieux ? Manuel Neuer
96%
Qui est le plus vieux ? Killian Mbappé
87%
Qui est le plus vieux ? Antoine Griezmann
82%
Qui est le plus vieux ? Marcus Rashford
82%
Qui est le plus vieux ? Vinícius Junior
82%
Qui est le plus vieux ? Luka Modric
80%
Qui est le plus vieux ? Karim Benzema
62%
Qui est le plus vieux ? Pedri
60%
Qui est le plus vieux ? Sadio Mané
60%
Qui est le plus vieux ? Kevin De Bruyne
49%
Aucun quiz correspondant
Distribution des résultats
% des personnes avec chaque résultat
Percentile par nombre de réponses
Votre historique - résultats
Vous n’avez pas pris ce quiz